00657nam a2200193Ia 4500008004100000020001500041082001500056100002200071245004500093250000800138260004200146300002900188500001900217600002700236650005000263942000700313952012800320999001500448240925s9999 xx 000 0 und d a8178084627 a004.36 COU aCoulouris, George 0aDistributed Systems: concepts and design a3rd aSingapore:bPearson educationc,2005. axx,1200p.bNAfPhotocopy aIncludes Index aEngineering Technology aComputer science, information & general works cBK 001040708ETaUITUbUITUd2003-04-21eFair Book Centerg525.00l0o004.36 COUpQ5037r2024-09-25 07:13:43w2024-09-25yBK c7536d7536